000
00322nam a22001337a 4500
008
181107b xxu||||| |||| 00| 0 eng d
020
_a
0873504135
041
_a
eng
080
_a
540
100
_a
12
101
_a
KIM
245
_a
Modern Electrology: Excess Hair, Its Causes and Treatments
_c
Gior,F
942
_2
udc
_c
BK
999
_c
52111
_d
52111